Đi lên từ sản xuất nhỏ

שמור ב:
מידע ביבליוגרפי
מחבר ראשי: Hà, Đăng
פורמט: ספר
שפה:Undetermined
יצא לאור: Hà Nội Chính trị Quốc gia 2004
נושאים:
תגים: הוספת תג
אין תגיות, היה/י הראשונ/ה לתייג את הרשומה!
Thư viện lưu trữ: Trung tâm Học liệu Trường Đại học Cần Thơ
LEADER 00564nam a2200193Ia 4500
001 CTU_90820
008 210402s9999 xx 000 0 und d
082 |a 338.1 
082 |b Đ116 
100 |a Hà, Đăng 
245 0 |a Đi lên từ sản xuất nhỏ 
245 0 |c Hà Đăng 
260 |a Hà Nội 
260 |b Chính trị Quốc gia 
260 |c 2004 
650 |a Agriculture,Vietnam 
650 |x Economic aspects,Economic policy 
904 |i Tuyến (Nguyên sửa) 
980 |a Trung tâm Học liệu Trường Đại học Cần Thơ